000 00648nam a2200217 b 4500
001 bimo0001976448
003 OSt
005 20130830154314.0
008 041007s2004 sp | ||| ||spa
020 _a84-7914-719-9
040 _aSpMaBN
_cBMC
082 _a204.5-46
100 1 _aSendín Blázquez, José
_92613
245 1 0 _aEnigmas, historias y leyendas religiosas
_cJosé Sendín Blázquez
260 _aMadrid
_bBiblioteca de Autores Cristianos
_c2004
300 _aXV, 296 p.
_c20 cm
490 _aBAC. Popular
_v156
504 _aIncluye referencias bibliográficas
650 2 4 _aLeyendas cristianas
_94156
_zEspaña
942 _2ddc
_cBK
999 _c1727
_d1727